000 01040cab a2200277 4500
001 ABS47909
008 090401t1993 xxu||||| |||| 00| 0 eng d
035 _a(Sirsi) u64007
041 _aeng
100 _aYoung, E.
245 _aRepeat ploy foiled
260 _c1993
350 _a0
490 _aPlanning (for the Natural and Built Environment)
_v(1000) 8 January 1993, 20 (1)
520 _aPlanning and Compensation Act 1991 powers enabling local planning authorities to decline to determine repeat applications were challenged in "Noble Organisation Ltd v Falkirk DC", Scottish Court of Session 1992, which is discussed here.
650 _aDOE CIRCULAR 14/1991
650 _aPLANNING AND COMPENSATION ACT 1991
650 _aPLANNING APPLICATIONS
650 _aPLANNING AUTHORITIES
650 _aREPEAT APPLICATIONS
650 _aTOWN AND COUNTRY PLANNING (SCOTLAND) ACT 1972 S26A
650 _aTOWN AND COUNTRY PLANNING ACT 1990 S70(A)
690 _aPLANNING LAW AND PRACTICE
942 _n0
948 _c04/03/1997
999 _c39835
_d39835